| 000 | 00390nam a2200121Ia 4500 | ||
|---|---|---|---|
| 008 | 160609s9999 xx 000 0 und d | ||
| 100 | _aQin, Hong. | ||
| 245 | _aDiffusion-Driven Wavelet Design for Shape Analysis | ||
| 245 | _cBy:Hong Qin, Tingbo Hou | ||
| 260 | _c2014 | ||
| 650 | _xDESKTOP PUBLISHING AND COMPUTER GRAPHICS | ||
| 856 | _uhttp://file.ebook777.com/008/DifWavDesForShaAna.pdf | ||
| 999 |
_c295741 _d295741 |
||